000 00417nam a2200181Ia 4500
001 15670
005 20260306170213.0
008 260306t2020||||xx |||||||||||||| ||und||
041 _aESP
082 _a572
_bR82
100 _aRonner, Peter,
_eAUT
245 0 _aNetter bioquímica esencial
260 _c2020
300 _a476 páginas :
_c27 cm.
650 _aGEN
654 _aCCN
942 _cLIB
_dJUS
_fJUS
_2ddc
_n
999 _c15670
_d15670